Bibliographie zum Archivwesen für die Jahre 1992 und 1993

Titel: Bibliographie zum Archivwesen für die Jahre 1992 und 1993
Beteiligt: ;
In: Archivalische Zeitschrift, Band 80 (1997), Seite 501-625
alle Artikel anzeigen
Veröffentlicht: 1997
Format: Aufsatz
Sprache: Deutsch
Kein Bild verfügbar
X
alg: 39167209
001A    $01999:11-11-16 
001B    $01999:29-03-21 $t21:46:00.000 
001C    $06050:19-11-16 $t08:46:13.000 
001D    $01999:11-11-16 
001U    $0utf8 
001X    $00 
002@    $0Aox 
003@    $0391672096 
007A    $0391672096 $aHEB 
007T    $0Herd09138 
010@    $ager 
011@    $a1997 
021A    $aBibliographie zum Archivwesen für die Jahre 1992 und 1993 
028C    $aWerth $BMitarb. $dKarin 
028C/01 $aHeber $BBearb. $dJochen 
031A    $d80 $h501-625 $j1997 
037A    $a1683 Positionen; darin: Mecklenburg-Vorpommern (563-564, Nr. 950-969); Polen (597-598, Nr. 1529-1536); Slowakei (601-602, Nr. 1595-1612); Tschechische Republik (604-605, Nr. 1629-1651)* 
039B    $aIn $8--Abvc--. Archivalische Zeitschrift. - Köln : Böhlau, 1876-. - ISSN 0003-9497 $x199700000800000499 $9047256281 
045F    $a907.2094371 $eDDC23BSB 
045F/01 $a907.2 
045F/03 $g4371 
045F/03 $g4373 
045F/03 $g438 
045T    $a8 

lok: 39167209 78

exp: 39167209 78 1 #EPN
201B/01 $026-11-17 $t00:48:34.000 
201U/01 $0utf8 
203@/01 $0787766739 
208@/01 $a11-11-16 $be 
209A/01 $a/ $f000 $x00 
220C/01 $aTitelaufnehmer: nk 
244Z/01 $2Trx $#Pomeranija $#Pommern $#Pomoransko $#Pomořansko $#Hinterpommern;Vorpommern;Mittelpommern $#Pomorze Środkowe;Pomorze Przednie $#Pomořansko;Západní Pomořany; Pomořany $8--Trx--Pomorze Zachodnie $x01 $9391303775 
244Z/01 $2Trx $#Poola $#Lenkija $#Polija $#Polen Land $#Poland $#Lengyelország $#Poľsko $#Polsko $8--Trx--Polska$gkraj $x02 $9391345966 
244Z/01 $2Trx $#Slowakische Republik $#Szlovák Köztársaság $#Republika Słowacka $#Slovenská Republika $#Slovensko $#Slowakei $#Słowacja $#Slovensko $8--Trx--Slovenská Republika $x03 $9391345796 
244Z/01 $#Tschechien $#Tschechische Republik $#Tschechische Republik $#Tschechenland $#Tschechei Tschechien $#Česká Republika $#Czech Republic $#ČR $74303381-7 $8--Tg1--Tschechien $x04 $9086659812 
244Z/01 $2Trx $#Böhmen $#Bohemia $#Czechy $8--Trx--Čechy $x05 $9391188941 
244Z/01 $aGeschichte 1992-1993 $x06 
244Z/01 $2Trx $#arhiivi olemus $#archyvistika $#archivistics $#levéltári dolog $#archiwistyka $#archívnictvo $#archivnictví $8--Trx--Archivwesen $x07 $939135406X 
244Z/01 $2Trx $#bibliograafiad üldine $#bibliografijos bendras $#Bibliographies in general $#szakirodalmak általános $#bibliografie ogólnie $#bibliografie všeobecne $#bibliografie všeobecně $8--Trx--Bibliographien$gallgemein $x08 $939137379X 
244Z/01 $2Trx $8--Trx--Zeitschriftenaufsatz $x09 $9391384341 
245Z/01 $a04.02 $x01 
247C/01 $82080>Marburg/Lahn, Herder-Institut, Forschungsbibliothek, Bibliographieportal $9336309341
LEADER 00000caa a22000002c 4500
001 391672096
003 DE-603
005 20210329214600.0
007 tu
008 161111s1997 xx |||| | u00||u|ger c
035 |a (DE-599)HEB391672096 
040 |a DE-603  |b ger  |c DE-603  |d DE-603 
041 |a ger 
082 0 4 |8 1\u  |a 907.2094371  |q DE-101  |2 23/BSB 
084 |a 8  |2 ssgn 
085 |8 1\u  |b 907.2 
085 |8 1\u  |z 2  |s 4371 
085 |8 1\u  |z 2  |s 4373 
085 |8 1\u  |z 2  |s 438 
245 0 0 |a Bibliographie zum Archivwesen für die Jahre 1992 und 1993 
264 0 |c 1997 
500 |a 1683 Positionen; darin: Mecklenburg-Vorpommern (563-564, Nr. 950-969); Polen (597-598, Nr. 1529-1536); Slowakei (601-602, Nr. 1595-1612); Tschechische Republik (604-605, Nr. 1629-1651)* 
700 1 |a Werth, Karin  |e Mitarb.  |4 ctb 
700 1 |a Heber, Jochen  |e Bearb.  |4 edt 
773 0 8 |i In  |t Archivalische Zeitschrift  |d Köln : Böhlau, 1876-  |x 0003-9497  |g Band 80 (1997), Seite 501-625  |w (DE-603)047256281  |w (DE-600)201051-3 
924 0 |9 2080  |a (DE-603)787766739  |b DE-2080  |c HES  |d d  |g /